000 00814nam a22002417a 4500
005 20170124110041.0
010 _aA-609283
020 _c00.00
_a0195632796
035 _aA-609283
037 _bCen Lib/Ret
040 _aDPL
_bEN
082 _a921
_bDOU
100 _aDouglas, Ian Henderson
_923762
245 _aAbul Kalam Azad :
_cby Ian Henderson Douglas ; edited by Gail Minault [and] Christian W. Troll
_ban intellectual and religious biography /
260 _aNew Delhi
_bOxford University Press
_c1993
270 _aYMCA Library Building, Jai Singh Road
_bNew Delhi
_e110001
300 _axi,358p.
_c21cm(Hb)
650 _aMuslims
_912110
650 _aStatesmen
_98466
700 _aMinault, Gail
_923763
700 _aTroll, Christian W
_912460
942 _2ddc
_cEN
_h921
_mDOU
999 _c128559
_d128559